Full Metal Alchemist- Les Alchimistes d'Etat - Statistiques

Statistiques générales
  • Ce quiz a été pris 50 fois
  • Le résultat moyen est 3 sur 9
Statistiques - réponses
Alchimistes d'Etat dans Full Metal Alchemist % Correct
Roy Mustang
93%
Edward Elric
87%
Alex Louis Armstrong
54%
Solf J.Kimblee
33%
Shô Tucker
28%
Basque Grand
17%
Tim Marcoh
15%
Isaac McDougal
9%
Julie Comanche
9%
Aucun quiz correspondant
Distribution des résultats
% des personnes avec chaque résultat
Percentile par nombre de réponses
Votre historique - résultats
Vous n’avez pas pris ce quiz